| 000 | 01303 a2200205 4500 | ||
|---|---|---|---|
| 001 | 29066 | ||
| 005 | 20260407155600.0 | ||
| 008 | 260407a1983 arg spa d | ||
| 003 | AR-UNSa-BCEJYS | ||
| 040 |
_aAR-UNSa-BCEJYS _bspa _cAR-UNSa-BCEJYS |
||
| 080 |
_a657.23 _xCompensaciones. Correcciones. Ajustes (devaluación monetaria) |
||
| 245 | 1 | 0 | _aAnálisis de balances ajustados por inflación |
| 264 | 1 |
_aBuenos Aires : _bEdiciones Contabilidad Moderna _c1983 |
|
| 300 |
_a204 p. _c22 cm. |
||
| 505 | _aParte I: El ajuste por infalción y los estados contables: 1. Conceptos fundamentales del ajuste integral para el análisis de estados contables - 2. Interpretación de las diferencias entre la información historica y ajustada - Parte II: Análisis de estados contables ajustados : 3. Análisis de la estructura - 4. Análisis de tendencias - 5. Rentabilidad del patrimonio neto - 6. Formula de dupont - 7. Liquidez corriente - 8. Liquidez seca - 9. Liquidez total - 10. Endeudamiento - 11. Financiación de la inmovilización - 12. Caso Practico - 13. El informe económico financiero - Parte III: Desarrollo de un caso práctico: Planteo del caso practico. | ||
| 942 | _cBK | ||
| 590 | _aniveau_biblio:m niveau_hierar:0 | ||
| 100 | 1 | _aSenderovich, Isaac Aizik | |
| 700 | 1 | _aTelias, Alejandro J. | |
| 999 |
_c1795 _d1795 |
||